Fizzy drink names Quiz Stats

Quiz not verified by Sporcle

Challenge
Share
Tweet
Embed
Score 0/25 Timer 10:00
0 Plays Today
% Correct
Coke
94.1%
Fanta
85.4%
Sprite
79.7%
Pepsi
78%
7-Up
75%
Tango
63.4%
Cherryade
40.3%
Lucozade
36.6%
Red bull
34.9%
Orangeade
31.7%
Limeade
29.7%
Monster
29.7%
Vimto
26.5%
% Correct
Cream soda
24.8%
Ginger Beer
21.5%
Relentless
15.3%
Appletiser
14.1%
Strawberryade
12.4%
Sparkling water
10.6%
Peartiser
7.9%
Im-Bru
6.9%
Fizzy ribena
6.2%
Grapetiser
5.9%
Dandelion and Burdoke
4.7%
Red rooster
3.7%

You're not logged in!

Compare scores with friends on all Sporcle quizzes.
Sign Up with Email
OR
Log In

You Might Also Like...

Show Comments

Extras

Top Quizzes Today


Score Distribution

Your Account Isn't Verified!

In order to create a playlist on Sporcle, you need to verify the email address you used during registration. Go to your Sporcle Settings to finish the process.

Report this User

Report this user for behavior that violates our Community Guidelines.

Details: